000 01180nam a22003377a 4500
003 CHAP
005 20220329134330.0
008 971013s1972 mx a r 00010 spa d
010 _a18900
011 _a19872
035 _a23957
040 _cCHAP
090 _aTesis
100 0 0 _aDíaz Canseco, Francisco.
_933394
245 1 _aBiología y control del barrenador pequeño del hueso del aguacate (Conotrachelus aguacatae) Barber en la región de Tolimán, Querétaro.
260 _aChapingo, Méx. :
_bEl autor,
_c1972
300 _a65 h.
_b: ilus.
502 _aTesis (Ing. Agr. Esp. en Parasitología) -- ENA. Depto. de Parasitología Agrícola
590 _aALEPH
_b10
_c20130110
_lUCH01
_h1242
590 _aBATCH-UPD
_b10
_c20130110
_lUCH01
_h1842
590 _aBATCH-UPD
_b10
_c20130410
_lUCH01
_h1213
590 _aBATCH-UPD
_b10
_c20130913
_lUCH01
_h2258
590 _aCONVERSION
_b10
_c20130109
_lUCH01
_h1311
650 1 4 _aAguacate
_xPlagas.
_92543
650 1 4 _aConotrachelus aguacatae.
_927253
650 1 4 _aControl de plagas.
_927595
901 _aBK
942 _cFOLL
949 _bBC
_cTES
_d-55469
_eTS1
_i23957
_si
949 _bBC
_cTES
_d-55470
_eTS2
_fc.2
_i23957
_si
999 _c18900
_d18900